Horngren's accounting / (Record no. 156728)

MARC details
000 -LEADER
fixed length control field 01391cam a2200373 i 4500
001 - CONTROL NUMBER
control field vtls003254495
003 - CONTROL NUMBER IDENTIFIER
control field MY-SjTCS
005 - DATE AND TIME OF LATEST TRANSACTION
control field 20200311163848.0
008 - FIXED-LENGTH DATA ELEMENTS--GENERAL INFORMATION
fixed length control field 130927t20142014maua b 001 0 eng
020 ## - INTERNATIONAL STANDARD BOOK NUMBER
International Standard Book Number 9780133117417
Qualifying information hardback
020 ## - INTERNATIONAL STANDARD BOOK NUMBER
International Standard Book Number 0133117413
Qualifying information hardback
020 ## - INTERNATIONAL STANDARD BOOK NUMBER
International Standard Book Number 9780133129557
Qualifying information hardback with student access code
020 ## - INTERNATIONAL STANDARD BOOK NUMBER
International Standard Book Number 0133129551
Qualifying information hardback with student access code
039 #9 - LEVEL OF BIBLIOGRAPHIC CONTROL AND CODING DETAIL [OBSOLETE]
Level of rules in bibliographic description 201910311607
Level of effort used to assign nonsubject heading access points shuhada
Level of effort used to assign subject headings 201910311550
Level of effort used to assign classification shuhada
Level of effort used to assign subject headings 201910311548
Level of effort used to assign classification shuhada
Level of effort used to assign subject headings 201809071408
Level of effort used to assign classification VLOAD
040 ## - CATALOGING SOURCE
Original cataloging agency TUL
Language of cataloging eng
Transcribing agency TUL
Modifying agency TUL
Description conventions rda
082 04 - DEWEY DECIMAL CLASSIFICATION NUMBER
Classification number 657
Item number MIL 2014
100 1# - MAIN ENTRY--PERSONAL NAME
Personal name Miller-Nobles, Tracie L.,
Relator term author.
9 (RLIN) 304497
245 10 - TITLE STATEMENT
Title Horngren's accounting /
Statement of responsibility, etc. Tracie Nobles, Brenda Mattison, Ella Mae Matsumara.
250 ## - EDITION STATEMENT
Edition statement Tenth edition.
264 #1 - PRODUCTION, PUBLICATION, DISTRIBUTION, MANUFACTURE, AND COPYRIGHT NOTICE
Place of production, publication, distribution, manufacture Boston, MA :
Name of producer, publisher, distributor, manufacturer Pearson,
Date of production, publication, distribution, manufacture, or copyright notice [2014]
264 #4 - PRODUCTION, PUBLICATION, DISTRIBUTION, MANUFACTURE, AND COPYRIGHT NOTICE
Date of production, publication, distribution, manufacture, or copyright notice ©2014
300 ## - PHYSICAL DESCRIPTION
Extent xxv, 1695 pages, 76 variously numbered pages :
Other physical details colour illustrations ;
Dimensions 29 cm
336 ## - CONTENT TYPE
Content type term text
Source rdacontent
337 ## - MEDIA TYPE
Media type term unmediated
Source rdamedia
338 ## - CARRIER TYPE
Carrier type term volume
Source rdacarrier
504 ## - BIBLIOGRAPHY, ETC. NOTE
Bibliography, etc. note Includes bibliographical references and index.
650 #4 - SUBJECT ADDED ENTRY--TOPICAL TERM
Topical term or geographic name entry element Accounting
9 (RLIN) 23594
650 #0 - SUBJECT ADDED ENTRY--TOPICAL TERM
Topical term or geographic name entry element Financial statements.
9 (RLIN) 203457
650 #0 - SUBJECT ADDED ENTRY--TOPICAL TERM
Topical term or geographic name entry element Managerial accounting
9 (RLIN) 209852
700 1# - ADDED ENTRY--PERSONAL NAME
Personal name Mattison, Brenda,
Relator term author.
9 (RLIN) 69676
700 1# - ADDED ENTRY--PERSONAL NAME
Personal name Matsumara, Ella Mae,
Relator term author.
9 (RLIN) 69677
920 ## - Programme
Programme BMS : 205781, 213740, 213741
921 ## - Programme
Programme UWE : 204510, 204511
Holdings
Withdrawn status Lost status Source of classification or shelving scheme Damaged status Not for loan Home library Current library Date acquired Total Checkouts Barcode Date last seen Date last checked out Copy number Uniform Resource Identifier Koha item type Public note Cost, normal purchase price Cost, replacement price
Withdrawn   Dewey Decimal Classification     Taylor's Library-TU Taylor's Library-TU 01/10/2014 3 5000161540 05/12/2019 18/09/2019 1 Floor 4, Shelf 22 , Side 2, TierNo 1, BayNo 1 Main Collection SBSxx,36200,03,RM | SLASx,80000,03,RA    
Withdrawn   Dewey Decimal Classification     Taylor's Library-TU Taylor's Library-TU 01/10/2014 2 5000161472 05/12/2019 15/04/2019 1 Floor 4, Shelf 22 , Side 2, TierNo 1, BayNo 1 Main Collection SBSxx,36200,03,RM | SLASx,80000,03,RA    
    Dewey Decimal Classification     Taylor's Library-TU Taylor's Library-TU 27/12/2013   5000152275 05/12/2019     Floor 4, Shelf 22 , Side 2, TierNo 1, BayNo 1 Main Collection SBSxx,36200,03,RM|SLASx,80000,03,RA    
    Dewey Decimal Classification     Taylor's Library-TU Taylor's Library-TU 24/01/2014 6 5000153864 21/10/2025 18/10/2025 1 Floor 4, Shelf 22 , Side 2, TierNo 1, BayNo 1 Main Collection TBSxx,34001,03,RM|SLASx,80000,03,RA 792.00 792.00
Withdrawn   Dewey Decimal Classification     Taylor's Library-TU Taylor's Library-TU 24/01/2014 3 5000153863 05/12/2019 23/10/2014 1 Floor 4, Shelf 22 , Side 2, TierNo 1, BayNo 1 Main Collection TBSxx,34001,03,RM | SLASx,80000,03,RA 792.00 792.00